| 000 | 00522nmm a22001817a 4500 | ||
|---|---|---|---|
| 005 | 20160523143454.0 | ||
| 008 | 150618b xxu||||| |||| 00| 0 spa d | ||
| 041 | _aspa | ||
| 082 | _aDE 10 | ||
| 100 |
_aBrenes Moya, Marlon _910210 |
||
| 245 | _aPlan para la administración adecuada de las finanzas y deudas bancarias en Bancrédito | ||
| 260 | _c2014 | ||
| 650 |
_aCOSTA RICA _910211 |
||
| 650 |
_aADMINISTRACIÓN DE EMPRESAS _9521 |
||
| 650 |
_aCOBRO JUDICIAL _910212 |
||
| 650 |
_aBANCRÉDITO _910109 |
||
| 942 | _cIP | ||
| 999 |
_c8190 _d8190 |
||